Tilastot visalle Amerikan 10 suurinta taloutta

Klikkaa tästä pelataksesi tätä visaa!

Yleistilastot

  • Tätä visaa on pelattu 419 kertaa
  • Keskiarvotulos 9 / 10

Vastaustilastot

BKTValtio% Oikein
21,7 bilYhdysvallat
100%
3,48 bilBrasilia
98%
2,58 bilMeksiko
98%
1,91 bilKanada
98%
920 mrd.Argentiina
96%
511 mrd.Chile
94%
491 mrd.Peru
93%
816 mrdKolumbia
92%
203 mrd.Ecuador
76%
211 mrd.Dominikaaninen tasavalta
44%

Tulosjakauma

Persentiili vastausten määrän mukaan

Jokaisen tuloksen saaneiden osuus

Tuloshistoriasi

Et ole pelannut tätä visaa